The Book of Yields (Record no. 17883)

MARC details
000 -LEADER
fixed length control field 00506nam a22001697a 4500
008 - FIXED-LENGTH DATA ELEMENTS--GENERAL INFORMATION
fixed length control field 190916b xxu||||| |||| 00| 0 eng d
020 ## - INTERNATIONAL STANDARD BOOK NUMBER
International Standard Book Number 0470197493
050 ## - LIBRARY OF CONGRESS CALL NUMBER
Classification number TX531
Item number .L96 2012 c.1
100 ## - MAIN ENTRY--PERSONAL NAME
Personal name Lynch, Francis T.
245 ## - TITLE STATEMENT
Title The Book of Yields
Remainder of title Accuracy in Food Costing and Purchasing
Statement of responsibility, etc. Francis T. Lynch
250 ## - EDITION STATEMENT
Edition statement 8th ed.
260 ## - PUBLICATION, DISTRIBUTION, ETC. (IMPRINT)
Place of publication, distribution, etc. New Jersey
Name of publisher, distributor, etc. Wiley
Date of publication, distribution, etc. 2012
300 ## - PHYSICAL DESCRIPTION
Extent xxi, 297p.
650 ## - SUBJECT ADDED ENTRY--TOPICAL TERM
Topical term or geographic name as entry element Food Analysis
Form subdivision Tables
650 ## - SUBJECT ADDED ENTRY--TOPICAL TERM
Topical term or geographic name as entry element Food Weight and measures
Form subdivision Tables
942 ## - ADDED ENTRY ELEMENTS (KOHA)
Source of classification or shelving scheme Library of Congress Classification
Koha item type General Collection

No items available.

Designed with assistance from East African Informatics Ltd